[Event "Bayernliga U20 1516"]
[Site "Bayern"]
[Date "2016.02.27"]
[Round "6.3"]
[White "Alsheimer, Lea"]
[Black "Beesk, Yannick"]
[Result "1-0"]
[WhiteElo "1642"]
[BlackElo "1332"]
[PlyCount "61"]
[EventDate "2015.11.21"]
[EventType "team-tourn"]
[EventRounds "7"]
[EventCountry "GER"]
[SourceTitle "EXT 2022"]
[Source "ChessBase"]
[SourceDate "2021.10.06"]
[SourceVersion "1"]
[SourceVersionDate "2021.10.06"]
[SourceQuality "1"]
[WhiteTeam "Bechhofen U20"]
[BlackTeam "Neumarkt U20"]
[WhiteTeamCountry "GER"]
[BlackTeamCountry "GE2"]

1. e4 e5 2. Nf3 Nc6 3. Bc4 Bc5 4. 0-0 Nf6 5. d4 Bxd4 6. Nxd4 Nxd4 7. f4 d6 8. fxe5 dxe5 9. Bg5 Qe7 10. Nc3 Be6 11. Nd5 Bxd5 12. exd5 Qc5 13. Qd3 Nf3+ 14. Kh1 Nxg5 15. Rae1 Nge4 16. Rxe4 Nxe4 17. Qxe4 f6 18. Bb3 Qd6 19. Ba4+ Ke7 20. c4 Rac8 21. c5 Qxc5 22. Qg4 c6 23. Qxg7+ Kd6 24. Rxf6+ Kxd5 25. Bb3+ Kd4 26. Qg4+ e4 27. Qd1+ Ke5 28. Re6+ Kf4 29. Qf1+ Kg5 30. Qf6+ Kh5 31. Bd1# 1-0